Départements valides au Scrabble - Statistiques

Statistiques générales
  • Ce quiz a été pris 30 fois
  • Le résultat moyen est 11 sur 21
Statistiques - réponses
Réponse % Correct
Aube
78%
Allier
67%
Creuse
67%
Jura
67%
Marne
67%
Nord
67%
Cher
59%
Somme
59%
Vienne
56%
Lot
52%
Paris
52%
Landes
48%
La {Réunion}
44%
Manche
44%
Orne
44%
Var
44%
Calvados
41%
Cantal
41%
Drôme
37%
Gironde
37%
Moselle
33%
Aucun quiz correspondant
Distribution des résultats
% des personnes avec chaque résultat
Percentile par nombre de réponses
Votre historique - résultats
Vous n’avez pas pris ce quiz